Statistics for Joe Pesci Filmography

Click here to take the quiz!

General Stats

  • This quiz has been taken 138 times
    (23 since last reset)
  • The average score is 18 of 50

Answer Stats

TypeYearName% Correct
Film1995Casino
100%
Film1990Goodfellas
100%
Film1990Home Alone
100%
Film2019The Irishman
100%
Film1992Home Alone 2: Lost in New York
94%
Film1992My Cousin Vinny
76%
Film1980Raging Bull
76%
TV Show1992, 1997Saturday Night Live
65%
Film1989Lethal Weapon 2
59%
Film1992Lethal Weapon 3
59%
Film1998Lethal Weapon 4
59%
Film1991JFK
53%
Film1984Once Upon a Time in America
47%
Film1993A Bronx Tale
41%
Film2006The Good Shepherd
41%
Film19978 Heads in a Duffel Bag
29%
Film1983Easy Money
29%
Film1997Gone Fishin'
29%
Film1994Jimmy Hollywood
29%
Film1988Moonwalker
29%
Film1990Betsy's Wedding
24%
Web Series2023Bupkis
24%
Film1990Catchfire
24%
Film1983Eureka
24%
Film1984Everybody in Jail
24%
Film1961Hey, Let's Twist!
24%
Film1982I'm Dancing as Fast as I Can
24%
Film2010Love Ranch
24%
Film1987Man on Fire
24%
Film1976The Death Collector
24%
Film1992The Public Eye
24%
Film1994With Honors
24%
Film2015A Warrior's Tail
18%
Film2023Day of the Fight
18%
Film1982Dear Mr. Wonderful
18%
Commercial2018Google Assistant: Home Alone Again
18%
TV Show1985Half Nelson
18%
TV Film1985Half Nelson
18%
Film1977Short Eyes
18%
Music Video1988Smooth Criminal
18%
Commercial2011Snickers
18%
TV Show1992Tales from the Crypt
18%
Film1988The Legendary Life of Ernest Hemingway
18%
Film1991The Super
18%
Commercial1998Pepsi
12%
Commercial1999Canon
6%
Commercial1997Lexus
6%
Commercial2004SBC Directory Services
6%
Commercial2004SBC Yahoo! DSL Internet Service
6%
TV Show1966The Lucy Show
6%

Score Distribution

Percentile by Number Answered

Percent of People with Each Score

Your Score History

You have not taken this quiz since the last reset